00543 2200193 4500001002100000005001500021035002000036007000300056008004100059020002200100082001400122084002000136100001500156245006700171260003600238300004400274650002200318650000900340INLIS00000000000109620241028111522 a0010-1024000066ta241028 g 0 ind  a978-979-582-276-9 a933.18-29 a933.18-29 SUP p0 aSuprihanto1 aPENGENDALIAN HAMA DAN PENYAKIT UTAMATANAMAN PADI /cSuprihanto aBogor :bPertanian Press,c2024 avi, 52 hlm, :bilus, ;c21 cm X 29,5 cm 4aHama dan Penyakit 4aPadi